000 00332nam a22001457a 4500
008 230719b ||||| |||| 00| 0 eng d
020 _a9780070111529
041 _aeng
080 _a52
082 _a52CLA
100 _a18
101 _aASTR
245 _aSUPERSTARS HOW STELLAR EXPLOSIONS SHAPE
_cCLARK .H.D
942 _2udc
_cBK
999 _c60165
_d60165